000 00626nam a2200181Ia 4500
003 IN-BaIIA
008 211028s9999 xx 000 0 eng d
020 _a0-89252-662-9
040 _cIIA Library
080 _a535(082.1)
_bSPI-627
245 0 _aInstrumentation in astronomy VI
_bpt. 2
_cedited by David L Crawford
260 _aWashington
_bSociety of Photo-Optical Instrumentation Engineers
_c1986
300 _avi, 407-850p.
650 _aAstronomical instrumentation
_93629
650 _aAstronomy and Astrophysics Thesaurus
700 _aCrawford, David L., ed.
_911966
942 _cBK
999 _c9086
_d9086